000 00512nam a2200181 a 4500
001 000039472
005 20201002031652.0
008 130701s1958 ag 000 0 spa d
040 _aDO-SdBNP
_bspa
_cBNPHU
082 _axxx
100 1 _aRomero, Francisco
_940242
245 1 0 _aTeoría del hombre /
_cFrancisco Romero.
250 _a2a ed.
260 _aBuenos Aires, Argentina :
_bLosada,
_c1958.
300 _a290 p. ;
_c20 cm.
490 1 _aBiblioteca filosófica
830 0 _aBiblioteca filosófica
_960733
999 _c38962
_d38962